000 00345nam a22001337a 4500
008 170831b xxu||||| |||| 00| 0 eng d
020 _a062149370400129500000008
041 _aeng
080 _a047
100 _a40
101 _aMED
245 _aBEST ANSWERS TOTHE 201 MOST FREQUENTLY AKSED INTERVIEW QUESTIONS
_cDELUCA,M.J
942 _2udc
_cBK
999 _c25727
_d25727